| 000 -LEADER |
| fixed length control field |
00935cam a2200313 a 4500 |
| 001 - CONTROL NUMBER |
| control field |
.b22874951 |
| 003 - CONTROL NUMBER IDENTIFIER |
| control field |
OSt |
| 005 - DATE AND TIME OF LATEST TRANSACTION |
| control field |
20200107115044.0 |
| 008 - FIXED-LENGTH DATA ELEMENTS--GENERAL INFORMATION |
| fixed length control field |
161213s2013 nyua g 000 1 eng d |
| 020 ## - INTERNATIONAL STANDARD BOOK NUMBER |
| International Standard Book Number |
9780552566797 |
| 040 ## - CATALOGING SOURCE |
| Original cataloging agency |
DLC |
| Language of cataloging |
eng |
| Transcribing agency |
DLC |
| Modifying agency |
DLC |
| -- |
FCU |
| 041 0# - LANGUAGE CODE |
| Language code of text/sound track or separate title |
eng |
| 042 ## - AUTHENTICATION CODE |
| Authentication code |
nbic |
| 044 ## - COUNTRY OF PUBLISHING/PRODUCING ENTITY CODE |
| MARC country code |
xxu |
| Local subentity code |
nyu |
| 082 ## - DEWEY DECIMAL CLASSIFICATION NUMBER |
| Classification number |
FIC STR |
| 100 1# - MAIN ENTRY--PERSONAL NAME |
| Personal name |
Stroud, Jonathan. |
| Relator term |
author |
| 245 14 - TITLE STATEMENT |
| Title |
The screaming staircase / |
| Statement of responsibility, etc. |
Jonathan Stroud. |
| 260 ## - PUBLICATION, DISTRIBUTION, ETC. |
| Place of publication, distribution, etc. |
UK : |
| Name of publisher, distributor, etc. |
Corgi, |
| Date of publication, distribution, etc. |
c2014. |
| 300 ## - PHYSICAL DESCRIPTION |
| Extent |
390 p. : |
| Other physical details |
ill. ; |
| Dimensions |
22 cm. |
| 440 #0 - SERIES STATEMENT/ADDED ENTRY--TITLE |
| Title |
Lockwood & Co. ; |
| Volume/sequential designation |
bk. 1. |
| 520 ## - SUMMARY, ETC. |
| Summary, etc. |
Follows three young operatives of a Psychic Detection Agency as they battle an epidemic of ghosts in London. |
| 650 #0 - SUBJECT ADDED ENTRY--TOPICAL TERM |
| Topical term or geographic name entry element |
Ghosts |
| Form subdivision |
Fiction. |
| 650 #0 - SUBJECT ADDED ENTRY--TOPICAL TERM |
| Topical term or geographic name entry element |
Supernatural |
| Form subdivision |
Fiction. |
| 650 #0 - SUBJECT ADDED ENTRY--TOPICAL TERM |
| Topical term or geographic name entry element |
Haunted houses |
| Form subdivision |
Fiction. |
| 650 #0 - SUBJECT ADDED ENTRY--TOPICAL TERM |
| Topical term or geographic name entry element |
Psychic ability |
| Form subdivision |
Fiction. |
| 651 #0 - SUBJECT ADDED ENTRY--GEOGRAPHIC NAME |
| Geographic name |
London (England) |
| Form subdivision |
Fiction. |
| 651 #0 - SUBJECT ADDED ENTRY--GEOGRAPHIC NAME |
| Geographic name |
England |
| Form subdivision |
Fiction. |
| 942 ## - ADDED ENTRY ELEMENTS (KOHA) |
| Source of classification or shelving scheme |
|
| Koha item type |
Books - Fiction |